• 首页
  • 本馆介绍
  • 公告通知
  • 最新文献
  • 馆藏检索
  • 电子资源
  • 读者导购
  • 参考咨询
  • 我的图书馆
  • 登录
  • 详细信息显示
  • 放入我的书架
  • 预约/预借图书
  • 作者相关作品
  • 分类相关作品
  • 丛书相关作品
  • 出版社相关作品

书目信息

  • 表格格式
  • 工作单格式
  • 卡片格式
题名:
新课标英语词汇背诵手册
    
 
作者: 高凌 主编
分册:  
出版信息: 北京   世界知识出版社  2006
页数: 377页
开本: 21cm
丛书名:
单 册:
中图分类: G634.413
科图分类:
主题词: 英语--词汇--中学--教学参考资料 , 英语
电子资源:
ISBN: 7-5012-2974-0
000 00623nam0 2200205 450
005 20220929153918.87
010    @a7-5012-2974-0@dCNY19.00
100    @a20070728d2006 em y0chiy0120 ea
101 2  @achi@aeng
102    @aCN@b110000
105    @ay z 000yy
200 1  @a新课标英语词汇背诵手册@AXin Ke Biao Ying Yu Ci Hui Bei Song Shou Ce@f高凌主编@FGao Ling Zhu Bian
210    @a北京@c世界知识出版社@d2006
215    @a377页@d21cm
606 0  @a英语@x词汇@x中学@j教学参考资料
606 0  @a英语
690    @aG634.413@v4
701  0 @a高凌@AGao Ling@4主编
801  0 @aCN@bTAOJIN@c20070802
905    @a10447@dG634.413@e1028
    
    新课标英语词汇背诵手册/高凌主编.-北京:世界知识出版社,2006
    377页;21cm
    
    
    ISBN 7-5012-2974-0:CNY19.00
    
●
相关链接 在E读中查询图书 在五车中查询图书 在当当中查询图书 在豆瓣中查询图书


正题名:新课标英语词汇背诵手册     索取号:G634.413/1028         预约/预借

序号 登录号 条形码 馆藏地/架位号 状态 备注
1 0826648   208266482   第一样本阅览室/ [索取号:G634.413/1028] 在馆    
2 0826649   208266491   第四借阅区/ [索取号:G634.413/1028] 在馆    
3 0826650   208266507   第四借阅区/ [索取号:G634.413/1028] 在馆    
4 0826651   208266516   第四借阅区/ [索取号:G634.413/1028] 在馆    
5 0826652   208266525   第四借阅区/ [索取号:G634.413/1028] 在馆    
6 1056529   210565299   密集书库-文学院/ [索取号:G634.413/1028] 在馆    
7 1056952   210569525   密集书库-文学院/ [索取号:G634.413/1028] 在馆    
唐山师范学院图书馆 欢迎您!
大连网信软件有限公司© 版权所有